00998nam a2200241Ia 4500001000600000003000900006008004100015040001300056040001300069041001300082100001900095100002900114245004000143245005500183250001100238260001000249260001400259260004900273300005900322500031800381650002600699650003100725G2565IT-RoPAU130308s9999 xx 000 0 und d aIT-RoPAU cIT-RoPAU aFRANCESE aBarbier René gCodice Aut. SPICS: 54276 aAlteration et metissage axiologique bParcours, passages et Paradoxes de L'Interculturel a1a ed. aPARIS bAnthropos c1999 [1° Ed.:1999 - Ed.Ling.Originale:1999] a"27 p. (prefazione: no ; testo: 27 [pagine: 113-139])" aAlterazione e Ibridazione Assiologica. Ingombro psichico del Cittadino. cittadinanza Assicurativa ed Educazione Minuscola. cittadinanza plurale ed Educazione Maiuscola. Rivoluzione del Silenzio. Accettare L'Alterazione. Indeterminazione della Vita Culturale e Sociale. Interferenza dei Valori. Valori di Crescita. aSAGGI DI ANTROPOLOGIA eCodice materia Spics: 3507